000
00335nam a2200133 a 4500
005
20140414131905.0
008
100922s19uu xx 00 eng d
050
_a
FIC
_b
K93 2008
100
_a
Krueger, Jim
245
_a
Secret alliance :
_b
Book 5.
260
_a
Manila, Philippines :
_b
OMF,
_c
2008.
440
_a
Tomo
999
_c
110880
_d
110880